Sebainterpretatívnosť a etika

Sebainterpretatívnosť ako základná charakteristika ľudskej existencie. Taylorova interpretácia idey sebainterpretácie. Človek ako sebainterpretujúca sa bytosť. Charakteristika ľudských emócií, artikulácie a interpretácie človeka. Rola jazyka v sebainterpretácii, jeho funkcie. Analýza silného hodnote...

ver descrição completa

Na minha lista:
Detalhes bibliográficos
Autor principal: Paulovičová, Zuzana
Formato: Capítulo de Livro
Idioma:eslovaco
Assuntos:
Tags: Adicionar Tag
Sem tags, seja o primeiro a adicionar uma tag!

MARC

LEADER 00000naa$a2200000$$$4500
001 0050412
005 20231121093155.6
041 0 |a slo 
044 |a SK 
245 1 0 |a Sebainterpretatívnosť a etika  |c Zuzana Paulovičová 
520 |a Sebainterpretatívnosť ako základná charakteristika ľudskej existencie. Taylorova interpretácia idey sebainterpretácie. Človek ako sebainterpretujúca sa bytosť. Charakteristika ľudských emócií, artikulácie a interpretácie človeka. Rola jazyka v sebainterpretácii, jeho funkcie. Analýza silného hodnotenia. Subjekt a morálka (dobro), dve neoddeliteľné témy. Morálka ako špecifická inštitúcia. 
610 2 0 |a filozofia 
610 2 0 |a osobnosť 
610 2 0 |a správanie 
610 2 0 |a morálka 
610 2 0 |a antropológia 
610 2 0 |a etika 
100 1 |a Paulovičová, Zuzana